[Event "Cantabria-ch"]
[Site "Cantabria"]
[Date "2009.04.04"]
[Round "4"]
[White "Calvo Diez, Pablo"]
[Black "Arce Calva, Elvira"]
[Result "1/2-1/2"]
[WhiteElo "1980"]
[BlackElo "1927"]
[PlyCount "135"]
[EventDate "2009.03.14"]
[EventType "swiss"]
[EventRounds "7"]
[EventCountry "ESP"]
[SourceTitle "EXT 2024"]
[Source "ChessBase"]
[SourceDate "2023.10.10"]
[SourceVersion "1"]
[SourceVersionDate "2023.10.10"]
[SourceQuality "1"]

1. d4 d5 2. Nf3 Nf6 3. e3 Bf5 4. c4 c6 5. Nc3 e6 6. Be2 Be7 7. 0-0 h6 8. Ne5 0-0 9. f3 Nbd7 10. Kh1 Qc7 11. Nxd7 Qxd7 12. Bd3 Bxd3 13. Qxd3 Rfd8 14. cxd5 cxd5 15. Bd2 Rac8 16. Be1 Ne8 17. Bg3 Bf6 18. Rac1 Rc6 19. Ne2 Rdc8 20. Rc3 Rc4 21. Rfc1 b5 22. b3 Rxc3 23. Rxc3 a6 24. Qc2 Rxc3 25. Qxc3 Nd6 26. Kg1 Be7 27. Kf1 Nf5 28. Bf2 Nd6 29. Nf4 Qc8 30. Qxc8+ Nxc8 31. Nd3 Na7 32. Ke2 b4 33. Be1 a5 34. Kd2 Kf8 35. Kc2 Ke8 36. Bd2 Kd8 37. Bc1 Kc7 38. Bb2 Bd6 39. g3 Be7 40. e4 Nb5 41. exd5 exd5 42. Nf4 Kd6 43. Kd3 g6 44. Ke3 Bf6 45. Nd3 Na7 46. Nc5 Nc6 47. Kd3 h5 48. h3 h4 49. g4 Bg5 50. Ke2 Bf6 51. Ke3 g5 52. Nb7+ Kc7 53. Nc5 Kd6 54. Nd3 Nd8 55. Ne5 Ke6 56. f4 Ke7 57. fxg5 Bxg5+ 58. Kf3 f6 59. Nd3 Nb7 60. Nf4 Kd6 61. Nd3 Kc6 62. a3 Kb5 63. a4+ Kc6 64. Bc1 Nd6 65. Bxg5 fxg5 66. Nc5 Nf7 67. Ke3 Nd6 68. Kd3 1/2-1/2

[Event "Cantabria-ch"]
[Site "Cantabria"]
[Date "2009.03.14"]
[Round "1"]
[White "Martinez Gonzalez, Enrique1111"]
[Black "Calvo Diez, Pablo"]
[Result "0-1"]
[WhiteElo "1710"]
[BlackElo "1980"]
[PlyCount "40"]
[EventDate "2009.03.14"]
[EventType "swiss"]
[EventRounds "7"]
[EventCountry "ESP"]
[SourceTitle "EXT 2024"]
[Source "ChessBase"]
[SourceDate "2023.10.10"]
[SourceVersion "1"]
[SourceVersionDate "2023.10.10"]
[SourceQuality "1"]

1. e4 e5 2. Nf3 Nc6 3. Bc4 Bc5 4. c3 Nf6 5. 0-0 Nxe4 6. Re1 Bxf2+ 7. Kh1 Bxe1 8. Qxe1 d5 9. Bb5 0-0 10. d3 Nd6 11. Bxc6 bxc6 12. Qxe5 Bg4 13. Qg3 Bxf3 14. gxf3 Re8 15. Bf4 Re2 16. Nd2 Qe7 17. Rg1 f6 18. h4 Re8 19. h5 Kh8 20. b4 Qf7 0-1

[Event "CHI-ch Fenach"]
[Site "Santiago de Chile"]
[Date "2007.02.10"]
[Round "8"]
[White "Calvo Diez, Pablo"]
[Black "Riffo Paz, Elizardo"]
[Result "1-0"]
[WhiteElo "2254"]
[BlackElo "2279"]
[PlyCount "69"]
[EventDate "2007.02.05"]
[EventType "tourn"]
[EventRounds "9"]
[EventCountry "CHI"]
[EventCategory "3"]
[SourceTitle "CBM 116 Extra"]
[Source "ChessBase"]
[SourceDate "2007.03.07"]
[SourceVersion "1"]
[SourceVersionDate "2007.03.07"]
[SourceQuality "1"]

1. e4 e6 2. d4 d5 3. Nd2 Be7 4. Bd3 Nh6 5. Ngf3 0-0 6. 0-0 b6 7. Re1 Ba6 8. c4 Nd7 9. Qc2 dxc4 10. Nxc4 Re8 11. Bf4 Nf8 12. Rac1 Ng6 13. Bg3 Bb7 14. Ne3 Bd6 15. a3 Rc8 16. e5 Be7 17. Be4 Bxe4 18. Qxe4 c5 19. d5 exd5 20. Nxd5 Qd7 21. Rcd1 Qe6 22. h4 Nf8 23. Bf4 Qg6 24. Qa4 Nf5 25. Qxa7 Bxh4 26. Qxb6 Ne6 27. Nxh4 Nxh4 28. Bg3 Nf5 29. Qb3 Rb8 30. Qc3 h5 31. b4 h4 32. Bh2 cxb4 33. axb4 Qg4 34. Qd3 Nfd4 35. Re4 1-0

[Event "CHI-ch Fenach"]
[Site "Santiago de Chile"]
[Date "2007.02.08"]
[Round "5"]
[White "Calvo Diez, Pablo"]
[Black "Rojas Keim, Luis Alberto"]
[Result "1/2-1/2"]
[WhiteElo "2254"]
[BlackElo "2414"]
[PlyCount "107"]
[EventDate "2007.02.05"]
[EventType "tourn"]
[EventRounds "9"]
[EventCountry "CHI"]
[EventCategory "3"]
[SourceTitle "CBM 116 Extra"]
[Source "ChessBase"]
[SourceDate "2007.03.07"]
[SourceVersion "1"]
[SourceVersionDate "2007.03.07"]
[SourceQuality "1"]

1. e4 c5 2. Nf3 Nc6 3. d4 cxd4 4. Nxd4 Nf6 5. Nc3 e5 6. Ndb5 d6 7. Bg5 a6 8. Na3 b5 9. Bxf6 gxf6 10. Nd5 Bg7 11. Bd3 0-0 12. 0-0 Be6 13. c3 f5 14. Qh5 f4 15. Nc2 Ne7 16. Ncb4 a5 17. Nxe7+ Qxe7 18. Nd5 Qb7 19. Rfd1 Rae8 20. Bc2 Bd7 21. Rd2 Re6 22. a4 Kh8 23. axb5 Rg6 24. Qe2 Bxb5 25. Bd3 Bd7 26. f3 a4 27. Qf2 Rb8 28. Nb4 Bh3 29. Bf1 Bd7 30. Kh1 Rg8 31. Nd5 Be6 32. Rxa4 Bxd5 33. Ra7 Qc8 34. Rxd5 Qf8 35. b4 Bf6 36. Rb5 Rh6 37. Qa2 Be7 38. Rbb7 Qg7 39. Rxe7 Qg3 40. Kg1 Qxh2+ 41. Kf2 Rhg6 42. Ke1 Rxg2 43. Bxg2 Qg1+ 44. Bf1 Qe3+ 45. Qe2 Qc1+ 46. Kf2 Qxc3 47. Qd3 Qb2+ 48. Qe2 Qd4+ 49. Ke1 Qxb4+ 50. Qd2 Qb1+ 51. Qd1 Qb4+ 52. Qd2 Qb1+ 53. Ke2 Qb5+ 54. Ke1 1/2-1/2

[Event "CHI-ch Fenach"]
[Site "Santiago de Chile"]
[Date "2007.02.07"]
[Round "3"]
[White "Calvo Diez, Pablo"]
[Black "Lopez Silva, Hugo Andres"]
[Result "1/2-1/2"]
[WhiteElo "2254"]
[BlackElo "2410"]
[PlyCount "106"]
[EventDate "2007.02.05"]
[EventType "tourn"]
[EventRounds "9"]
[EventCountry "CHI"]
[EventCategory "3"]
[SourceTitle "CBM 116 Extra"]
[Source "ChessBase"]
[SourceDate "2007.03.07"]
[SourceVersion "1"]
[SourceVersionDate "2007.03.07"]
[SourceQuality "1"]

1. e4 e5 2. Nf3 Nc6 3. Bb5 a6 4. Ba4 Nf6 5. 0-0 b5 6. Bb3 Be7 7. Re1 d6 8. c3 0-0 9. h3 Bb7 10. d3 Na5 11. Bc2 c5 12. Nbd2 Re8 13. Nf1 Bf8 14. Bg5 Be7 15. Ne3 d5 16. Nf5 dxe4 17. Nxe7+ Qxe7 18. dxe4 h6 19. Bh4 Nc4 20. b3 Na3 21. Bd3 Rad8 22. Qe2 c4 23. bxc4 bxc4 24. Bxc4 g5 25. Bg3 Qc5 26. Bb3 Nxe4 27. Bh2 Nb5 28. Qe3 Nbxc3 29. Qxc5 Nxc5 30. Bxe5 Nxb3 31. axb3 Nd5 32. Rad1 Re6 33. Nd4 Ree8 34. Nf5 Kh7 35. f3 Kg6 36. g4 Re6 37. Kf2 Rd7 38. Bg3 h5 39. Rxe6+ fxe6 40. Ne3 h4 41. Be5 Rf7 42. Nc4 Nb4 43. f4 gxf4 44. Bd6 Nc6 45. Re1 Rf6 46. Re4 f3 47. Re3 Kg5 48. Ne5 Nxe5 49. Rxe5+ Kg6 50. Be7 Rf4 51. Rxe6+ Kf7 52. Rb6 Bd5 53. Bxh4 a5 1/2-1/2

[Event "CHI-ch"]
[Site "Santiago de Chile"]
[Date "2004.02.17"]
[Round "10.6"]
[White "Calvo Diez, Pablo"]
[Black "Lobos Barrenechea, Miguel"]
[Result "1-0"]
[WhiteElo "2252"]
[BlackElo "2359"]
[PlyCount "79"]
[EventDate "2004.02.09"]
[EventType "swiss"]
[EventRounds "11"]
[EventCountry "CHI"]
[SourceTitle "CBM 098 Extra"]
[Source "ChessBase"]
[SourceDate "2004.03.10"]
[SourceVersion "2"]
[SourceVersionDate "2004.03.10"]
[SourceQuality "1"]

1. e4 e5 2. Nf3 Nc6 3. Bb5 Nge7 4. d4 exd4 5. Nxd4 Ng6 6. Nc3 Bc5 7. Be3 Nxd4 8. Bxd4 Bxd4 9. Qxd4 0-0 10. 0-0-0 d6 11. h4 a6 12. Be2 h6 13. g3 f5 14. f4 fxe4 15. Qxe4 Bf5 16. Qxb7 Qd7 17. Rhe1 Kh8 18. Bd3 Ne7 19. Rxe7 Qxe7 20. Bxf5 Qe3+ 21. Kb1 Qxg3 22. Bd3 Qxf4 23. Qxc7 Rfc8 24. Qd7 Rab8 25. Ne2 Qe5 26. b3 Rf8 27. Qg4 d5 28. Qg6 Kg8 29. Nd4 Rf6 30. Qh7+ Kf7 31. Nf5 Rg8 32. Rg1 Kf8 33. Rxg7 Rxg7 34. Qxg7+ Ke8 35. Qb7 Kd8 36. Qa8+ Kc7 37. Qa7+ Kd8 38. Nd4 Qd6 39. Bf5 Qb4 40. Qd7# 1-0

[Event "CHI-ch"]
[Site "Santiago de Chile"]
[Date "2004.02.10"]
[Round "2.12"]
[White "Castro, Ernesto"]
[Black "Calvo Diez, Pablo"]
[Result "1/2-1/2"]
[WhiteElo "2116"]
[BlackElo "2252"]
[PlyCount "20"]
[EventDate "2004.02.09"]
[EventType "swiss"]
[EventRounds "11"]
[EventCountry "CHI"]
[SourceTitle "CBM 098 Extra"]
[Source "ChessBase"]
[SourceDate "2004.03.10"]
[SourceVersion "2"]
[SourceVersionDate "2004.03.10"]
[SourceQuality "1"]

1. d4 d5 2. c4 e6 3. Nc3 Nf6 4. cxd5 exd5 5. Bg5 Be7 6. e3 c6 7. Bd3 Nbd7 8. Qc2 0-0 9. Nge2 Re8 10. 0-0 Nf8 1/2-1/2

[Event "CHI-ch "]
[Site "Santiago de Chile"]
[Date "2002.02.14"]
[Round "3"]
[White "Calvo Diez, Pablo"]
[Black "Pineda Polanco, Adolfo"]
[Result "0-1"]
[WhiteElo "2231"]
[BlackElo "2272"]
[PlyCount "122"]
[EventDate "2002.02.12"]
[EventType "swiss"]
[EventRounds "11"]
[EventCountry "CHI"]
[SourceTitle "CBM 086 Extra"]
[Source "ChessBase"]
[SourceDate "2002.03.14"]
[SourceVersion "1"]
[SourceVersionDate "2002.03.14"]
[SourceQuality "1"]

1. e4 e6 2. d4 d5 3. Nd2 Nf6 4. e5 Nfd7 5. Bd3 c5 6. c3 Nc6 7. Ne2 cxd4 8. cxd4 f6 9. exf6 Qxf6 10. Nf3 h6 11. 0-0 Bd6 12. Be3 0-0 13. Nc3 Nb6 14. Rc1 Bd7 15. Bb1 g5 16. Qd3 Qg7 17. b3 Rac8 18. Rfe1 Be8 19. Bd2 Rf6 20. Ne5 Ba3 21. Rcd1 Bh5 22. f3 Nxd4 23. Kh1 Nc6 24. Nb5 Bb2 25. Nxc6 bxc6 26. Nd6 Bg6 27. Qe2 Rd8 28. Bb4 Bxb1 29. Qxb2 Bg6 30. Bc3 e5 31. Bxe5 Rdxd6 32. Bxd6 Rxd6 33. Qxg7+ Kxg7 34. Re7+ Kf6 35. Rxa7 d4 36. Kg1 Bc2 37. Rd2 d3 38. Rb7 c5 39. Rc7 Nd7 40. b4 Ke6 41. bxc5 Ra6 42. Kf2 Ne5 43. Rh7 Kd5 44. c6 Rxc6 45. Rb7 Nc4 46. Rb5+ Rc5 47. Rxd3+ Bxd3 48. Rb8 Rc6 49. a4 Ra6 50. Rd8+ Nd6 51. Ke3 Bf5 52. g4 Be6 53. Rh8 Nf7 54. Rb8 Rxa4 55. Rb5+ Kd6 56. Rb6+ Ke5 57. Rb5+ Kf6 58. h4 Ra3+ 59. Kf2 Ne5 60. hxg5+ hxg5 61. Kg2 Rxf3 0-1

[Event "Santiago op"]
[Site "Santiago de Chile"]
[Date "2002.??.??"]
[Round "6"]
[White "Calvo Diez, Pablo"]
[Black "Egger Mancilla, Jorge Alejandro"]
[Result "1-0"]
[WhiteElo "2228"]
[BlackElo "2435"]
[PlyCount "85"]
[EventDate "2002.04.??"]
[EventType "swiss"]
[EventRounds "9"]
[EventCountry "CHI"]
[SourceTitle "EXT 2003"]
[Source "ChessBase"]
[SourceDate "2002.11.25"]
[SourceVersion "1"]
[SourceVersionDate "2002.11.25"]
[SourceQuality "1"]

1. e4 e5 2. Nf3 Nc6 3. Bb5 a6 4. Ba4 Nf6 5. 0-0 b5 6. Bb3 Bb7 7. Re1 Bc5 8. c3 d6 9. d4 Bb6 10. Bg5 h6 11. Bh4 Qe7 12. a4 g5 13. Bg3 h5 14. axb5 axb5 15. Rxa8+ Bxa8 16. h4 g4 17. Ng5 Nd8 18. Nd2 Nd7 19. Qa1 Bb7 20. Qa2 exd4 21. Nf1 dxc3 22. bxc3 f6 23. Ne6 Nxe6 24. Bxe6 Kf8 25. Bd5 c6 26. Bb3 Ne5 27. Qd2 Kg7 28. Bf4 Bc8 29. Ng3 Bc5 30. Ra1 Kg6 31. Be3 Rd8 32. Bd4 Rh8 33. Qf4 b4 34. cxb4 Bxd4 35. Nf5 Qb7 36. Nxd4 Qxb4 37. Qe3 c5 38. Ne6 Bxe6 39. Bxe6 Rb8 40. Ra7 Rb7 41. Ra8 Qd4 42. Rg8+ Kh7 43. Rh8+ 1-0

[Event "Santiago op"]
[Site "Santiago de Chile"]
[Date "2002.??.??"]
[Round "7"]
[White "Llorens Sepulveda, Marcelo"]
[Black "Calvo Diez, Pablo"]
[Result "1-0"]
[WhiteElo "2317"]
[BlackElo "2228"]
[PlyCount "65"]
[EventDate "2002.04.??"]
[EventType "swiss"]
[EventRounds "9"]
[EventCountry "CHI"]
[SourceTitle "EXT 2003"]
[Source "ChessBase"]
[SourceDate "2002.11.25"]
[SourceVersion "1"]
[SourceVersionDate "2002.11.25"]
[SourceQuality "1"]

1. e4 e5 2. Nf3 Nc6 3. Nc3 Nf6 4. g3 Bc5 5. Bg2 d6 6. d3 a6 7. 0-0 0-0 8. h3 h6 9. Be3 Be6 10. Qd2 Bxe3 11. fxe3 d5 12. exd5 Nxd5 13. e4 Nxc3 14. bxc3 Qd7 15. Kh2 Rad8 16. a3 Qd6 17. Qe3 f5 18. exf5 Rxf5 19. Nd2 Rdf8 20. Rxf5 Rxf5 21. Ne4 Qf8 22. h4 Kh8 23. Qc5 Qf7 24. Re1 Nd8 25. c4 b6 26. Qe3 Qf8 27. Qc1 Nc6 28. c3 Rf7 29. Kg1 Bg4 30. Qb2 Bf3 31. Rf1 Nd8 32. Qb4 Ne6 33. Qxf8+ 1-0

[Event "Santiago op"]
[Site "Santiago de Chile"]
[Date "1997.??.??"]
[Round "5"]
[White "Calvo Diez, Pablo"]
[Black "Tchimino, Joe"]
[Result "0-1"]
[WhiteElo "2185"]
[BlackElo "2175"]
[PlyCount "94"]
[EventDate "1997.??.??"]
[EventType "swiss"]
[EventRounds "9"]
[EventCountry "CHI"]
[SourceTitle "EXT 1998"]
[Source "ChessBase"]
[SourceDate "1997.11.17"]
[SourceVersion "1"]
[SourceVersionDate "1997.11.17"]
[SourceQuality "1"]

1. e4 e6 2. d4 d5 3. exd5 exd5 4. Nf3 Nf6 5. Bd3 Bd6 6. 0-0 h6 7. Re1+ Be6 8. Nbd2 0-0 9. Ne5 Nc6 10. Ndf3 Ng4 11. Nxc6 bxc6 12. h3 Nf6 13. Ne5 c5 14. c3 cxd4 15. cxd4 c5 16. dxc5 Bxc5 17. Bf4 Qb6 18. Qe2 Rfe8 19. a3 Bd4 20. Rab1 Ne4 21. Be3 Bxh3 22. Bxd4 Qxd4 23. Nf3 Qf6 24. gxh3 Qg6+ 25. Kh2 Qd6+ 26. Kg1 Qg6+ 27. Kh1 Qf5 28. Bxe4 Rxe4 29. Qf1 Qxf3+ 30. Qg2 Qxg2+ 31. Kxg2 Rae8 32. Red1 R8e5 33. Rd3 Re2 34. Rbd1 Rf5 35. Rf3 Rxf3 36. Kxf3 Rxb2 37. Rd3 a5 38. Ke3 Kf8 39. Rxd5 Rb3+ 40. Rd3 Rxd3+ 41. Kxd3 f5 42. Kc4 g5 43. f3 h5 44. a4 Kf7 45. Kb5 g4 46. fxg4 fxg4 47. hxg4 hxg4 0-1